000 00608cam a2200229ua 4500
001 3503
005 20260515113705.0
008 111222n ii |||gr||||Z||||||asm
020 _a81-7206-190-2
040 _cMAIN
082 _a780
100 _aSree sree Sankaradeva,
_eAuthor.
245 1 1 _aShuno shuno re suro
_cby Sree Sree Sankaradeva
250 _a1st.
260 _aGuwahati:
_bBani Mandir,
_c2004.
300 _a284p:
_c23cm.
653 _aBargeet
653 _aShuno shuno re suro
700 _aSree sree Madhavadeva,
_eAuthor.
700 _aHazarika, Manasmrita,
_eComplied by.,
942 _cBK
999 _c3342
_d3342